| 000 | 00425nam a2200169 4500 | ||
|---|---|---|---|
| 001 | 1511 | ||
| 005 | 20181127163432.0 | ||
| 010 | 0 | 0 | _a |
| 020 | 0 | 0 | _a0805956468 |
| 090 | 0 | 0 | _a813.6 S3673t 2002 |
| 100 | 0 | 0 | _aSchofield, Douglas F. |
| 245 | 0 | 0 |
_aThe times are surely changin' / _b _cDouglas F. Schofield. _h |
| 250 | 0 | 0 | _a |
| 260 | 0 | 0 |
_aPittsburgh, PA : _bDorrance Publishing Co., _c2002. |
| 300 | 0 | 0 | _a58 p. ; 23 cm. |
| 650 | 0 | 0 |
_a _x |
| 999 |
_c1126 _d1126 |
||